[Event "EU-ch U10 Girls 27th"]
[Site "Mamaia"]
[Date "2017.09.08"]
[Round "4"]
[White "Roszkiewicz, Zofia"]
[Black "Budagova, Leyla"]
[Result "0-1"]
[WhiteElo "1296"]
[BlackElo "1442"]
[PlyCount "42"]
[EventDate "2017.09.05"]
[EventType "swiss"]
[EventRounds "9"]
[EventCountry "ROU"]
[SourceTitle "CBM 180 Extra"]
[Source "ChessBase"]
[SourceDate "2017.10.06"]
[SourceVersion "1"]
[SourceVersionDate "2017.10.06"]
[SourceQuality "1"]

1. e4 c5 2. Nf3 d6 3. d4 cxd4 4. Nxd4 Nf6 5. Nc3 g6 6. Be3 Bg7 7. f3 0-0 8. Qd2 Nc6 9. 0-0-0 Bd7 10. Kb1 Rc8 11. h4 h5 12. Nxc6 Rxc6 13. Bb5 Rxc3 14. Qxc3 Bxb5 15. Qd2 a6 16. Bh6 Qc7 17. Bxg7 Kxg7 18. Rhg1 Bd7 19. g4 hxg4 20. h5 Rh8 21. Qg5 Rxh5 0-1